Normal view
MARC view
Entry Personal Name
001 - CONTROL NUMBER
- control field: 69859
003 - CONTROL NUMBER IDENTIFIER
- control field: OSt
005 - DATE AND TIME OF LATEST TRANSACTION
- control field: 20171230132613.0
008 - FIXED-LENGTH DATA ELEMENTS
- fixed length control field: 171230|| aca||aabn | a|a d
040 ## - CATALOGING SOURCE
- Original cataloging agency: OSt
- Transcribing agency: OSt
100 ## - HEADING--PERSONAL NAME
- Personal name: जेकेपी
670 ## - SOURCE DATA FOUND
- Source citation: Work cat.: (OSt): जेकेपी, SSC-JE 2017 मैकेनिकल इंजीनियरिंग 10 हल प्रश्न पत्र 2008;2017 एवं प्रैक्टिस सेटस, 2017









